000 01274nam a22002537a 4500
005 20121010141910.0
008 121010t xxu||||| |||| 00| 0 mar d
010 _aMAR-22724
020 _c140.00
035 _aMR-15382
037 _bDBAD/PUB
040 _aDPL
_bMR
082 _a891.46301
100 _953016
_aजोंधळे, महावीर
245 _aस्वप्नभ्रांतीचा प्रदेश /
_cमहावीर जोंधळे
246 _aSwapanbhranticha Pradesh
_bby Mahavir Jondhre
260 _aपुणे
_bअक्षर मानव प्रकाशन
_c2012
270 _bपुणे
_e411002
_a959,पवनपुत्र,दुसरा मजला,शिवाजी रस्ता,राषट्रभूषण चौक,शुक्रवार पेठ
_k020-30426679
300 _a130पृ.
_c21सेमी(अजिल्द)
650 _aमराठी कथासंग्रह
_953375
650 _aMarathi Short Stories
_953376
942 _2ddc
_cMR
_mजोंधळे
_h891.46301
999 _c71117
_d71117